000 00606nam a22001817a 4500
003 UA-OsUOA
001 19600
007 ta
008 20040905b un ||||| |||| 00| 0 ukr d
100 _aПараниця Н.
942 _cSA
040 _aUA-OsUOA
_cUA-OsUOA
_dUA-OsUOA
245 _aУ вимірі новітніх перспектив
_b[Про нові підходи до орг. освіти в Сарнен. р-ні]
300 _aС.3
955 _a0
773 0 _w0
_tСарненські новини
_dСарни
_d2004
_g№90/91/26 серп./
650 7 _aКраєзнавча робота
_2UDC
999 _c305771
_d305771